000 00834nam a2200241Ia 4500
003 GCL
005 20240530103044.0
008 140319s9999 xx 000 0 ara d
040 _aGCL /
_cGCL
082 0 4 _a930
_bف ا
100 1 _aفير سرقس، ولتر
245 1 0 _aاصول الحضارة الشرقية /
_cفير سرقس، ولتر
260 _aالقاهرة :
_bدار الكرنك للنشر والطبع والتوزيع ،
_c1960
300 _a278 ص ؛
_c24 سم
490 _aالالف كتاب
_v304
650 0 4 _aالعصور الوسطى
650 0 4 _aحضارة العصور الوسطى
650 0 4 _aالحضارة القديمة
650 0 4 _aعصر النهضة (1300 - 1494)
700 1 _aرمزى يسى
_eمترجم
700 1 _aانور عبدالعليم
_eمترجم
942 _2ddc
_cBK
999 _c36491
_d36491